LEADER 02017oam 2200589M 450 001 9910716191803321 005 20200213070900.2 035 $a(CKB)5470000002518193 035 $a(OCoLC)1065589427 035 $a(OCoLC)995470000002518193 035 $a(EXLCZ)995470000002518193 100 $a20071213d1925 ua 0 101 0 $aeng 135 $aurcn||||||||| 181 $ctxt$2rdacontent 182 $cc$2rdamedia 183 $acr$2rdacarrier 200 10$aFrederick S. Easter. December 19, 1925. -- Committed to the Committee of the Whole House and ordered to be printed 210 1$a[Washington, D.C.] :$c[U.S. Government Printing Office],$d1925. 215 $a1 online resource (5 pages) 225 1 $aHouse report / 69th Congress, 1st session. House ;$vno. 14 225 1 $a[United States congressional serial set ] ;$v[serial no. 8535] 300 $aBatch processed record: Metadata reviewed, not verified. Some fields updated by batch processes. 300 $aFDLP item number not assigned. 606 $aClaims 606 $aLegislative amendments 606 $aMilitary offenses 606 $aNaval offenses 606 $aMilitary discharge 606 $aWorld War, 1914-1918 606 $aChild soldiers 606 $aDisabled veterans 608 $aLegislative materials.$2lcgft 615 0$aClaims. 615 0$aLegislative amendments. 615 0$aMilitary offenses. 615 0$aNaval offenses. 615 0$aMilitary discharge. 615 0$aWorld War, 1914-1918. 615 0$aChild soldiers. 615 0$aDisabled veterans. 701 $aStephens$b Ambrose Everett Burnside$f1862-1927$pRepublican (OH)$01389558 801 0$bWYU 801 1$bWYU 801 2$bOCLCO 801 2$bOCLCQ 801 2$bOCLCO 801 2$bOCLCQ 906 $aBOOK 912 $a9910716191803321 996 $aFrederick S. Easter. December 19, 1925. -- Committed to the Committee of the Whole House and ordered to be printed$93550146 997 $aUNINA LEADER 01535nas 2200421-a 450 001 996581532203316 005 20231213213019.0 011 $a2332-6476 035 $a(OCoLC)61855994 035 $a(CKB)991042754000648 035 $a(CONSER)--2005262215 035 $a(EXLCZ)99991042754000648 100 $a20051007a19uu9999 s-- a 101 0 $aeng 135 $aurcn||||||||| 181 $ctxt$2rdacontent 182 $cc$2rdamedia 183 $acr$2rdacarrier 200 10$aProceedings of the ... International Workshop on Research Issues in Data Engineering 210 $a[Los Alamitos, Calif.] $c[IEEE Computer Society Press] 300 $aEach conference covers a specific conference theme. 311 $a1097-8585 517 3 $aInternational Workshop on Research Issues in Data Engineering 517 3 $aResearch Issues in Data Engineering 517 1 $aRIDE 531 $aINTERNATIONAL WORKSHOP ON RESEARCH ISSUES IN DATA ENGINEERING 531 0 $aProc. Int. Workshop Res. Issues Data Eng. 606 $aDatabase management$vCongresses 606 $aDatabase management$2fast$3(OCoLC)fst00888037 608 $aConference papers and proceedings.$2fast 615 0$aDatabase management 615 7$aDatabase management. 676 $a005 712 02$aIEEE Computer Society.$bTechnical Committee on Data Engineering. 906 $aCONFERENCE 912 $a996581532203316 996 $aProceedings of the ... International Workshop on Research Issues in Data Engineering$92963121 997 $aUNISA